The given sacrifice. #1 / S.M. Stirling.
Available copies
- 1 of 1 copy available at LARL/NWRL Consortium.
- 1 of 1 copy available at Lake Agassiz Regional Library. (Show preferred library)
Current holds
0 current holds with 1 total copy.
Show Only Available Copies
| Location | Call Number / Copy Notes | Barcode | Shelving Location | Status | Due Date |
|---|---|---|---|---|---|
| Crookston Public Library | SF STI (Text) | 33500011766136 | Main | Available | - |
Record details
- ISBN: 9780451417312
- ISBN: 0451417313
- Physical Description: viii, 369 pages : map ; 24 cm
- Publisher: New York, New York : Roc, 2013
Content descriptions
| Summary, etc.: | Rudi Mackenzie has won the battle that expelled ... Read More |
Search for related items by subject
| Subject: | Dystopias > Fiction. Regression (Civilization) > Fiction. |
| Genre: | Alternative histories (Fiction) Dystopias. Science fiction. |
Search for related items by series
| LDR | 02451cam a22004698i 4500 | ||
|---|---|---|---|
| 001 | 156645 | ||
| 003 | LARL_NWRL_CONSORTIUM | ||
| 005 | 20171011203957.0 | ||
| 008 | 130425s2013 nyub 000 1 eng | ||
| 020 | . | ‡a9780451417312 | |
| 020 | . | ‡a0451417313 | |
| 035 | . | ‡a(OCoLC)841212643 | |
| 042 | . | ‡apcc | |
| 082 | 0 | 0. | ‡a813/.54 ‡223 |
| 100 | 1 | . | ‡aStirling, S. M. ‡0(LARL_NWRL_CONSORTIUM)100396 |
| 245 | 1 | 4. | ‡aThe given sacrifice. ‡n#1 / ‡cS.M. Stirling. |
| 260 | . | ‡aNew York, New York : ‡bRoc, ‡c2013 | |
| 260 | . | ‡c©2013 | |
| 300 | . | ‡aviii, 369 pages : ‡bmap ; ‡c24 cm | |
| 336 | . | ‡atext ‡btxt ‡2rdacontent | |
| 336 | . | ‡acartographic image ‡bcri ‡2rdacontent | |
| 337 | . | ‡aunmediated ‡bn ‡2rdamedia | |
| 338 | . | ‡avolume ‡bnc ‡2rdacarrier | |
| 490 | 0 | . | ‡aEmberverse IV ; ‡v1 |
| 490 | 0 | . | ‡aSacrifice book, Emberverse IV ; ‡v1 |
| 490 | 0 | . | ‡aChange |
| 520 | . | ‡aRudi Mackenzie has won the battle that expelled the enemy from the new High Kingdom of Montival. Now he must free the people who live in the state once known as Idaho from occupation by the legions of the Church Universal and Triumphant and pursue them to their lair over the mountains. There he will finally confront the forces behind the Church, The Powers of the Void. Yet even a victory will not end the conflict forever. The Powers of the Void are malevolent and infinitely patient, and the struggle is one that involves the entire world. They threaten Rudi not only in the present, but also in the future represented by his children, Orlaith and John. Rudi knows this. And as his heir Princess Orlaith grows up in the shadow of her famous father, she also realizes that the enemy will do anything to see that she does not live to fulfill her parents' dream.... | |
| 650 | 0. | ‡aDystopias ‡vFiction. | |
| 650 | 0. | ‡aRegression (Civilization) ‡vFiction. ‡0(LARL_NWRL_CONSORTIUM)167092 | |
| 655 | 7. | ‡aAlternative histories (Fiction) ‡2gsafd | |
| 655 | 7. | ‡aDystopias. ‡2gsafd | |
| 655 | 7. | ‡aScience fiction. ‡2gsafd | |
| 901 | . | ‡a156645 ‡bOCLC ‡c156645 ‡tbiblio | |

Add to basket
Permalink
Enable Highlighting